Vista normal Vista MARC

Entrada Materia (personas)

Número de registros utilizados en: 1

001 - CONTROL NUMBER

  • control field: 81766

003 - CONTROL NUMBER IDENTIFIER

  • control field: Co-BoUCM

005 - DATE AND TIME OF LATEST TRANSACTION

  • control field: 20161110103924.0

008 - FIXED-LENGTH DATA ELEMENTS

  • fixed length control field: 161110|| aca||aabn | a|a d

040 ## - CATALOGING SOURCE

  • Original cataloging agency: Co-BoUCM
  • Transcribing agency: Co-BoUCM

100 ## - HEADING--PERSONAL NAME

  • Personal name: Jordan, Mark D.
  • Dates associated with a name: 1953-

670 ## - SOURCE DATA FOUND

  • Source citation: Work cat.: (Co-BoUCM)304896: Jordan, Mark D. 1953-, La invención de la sodomía en la teología cristiana, 2002